00521 2200205 4500001002100000005001500021035002500036006001800061008004100079020002200120090001400142100002500156245003400181250001100215260003100226082000800257084001400265990001800279990001800297INLIS00000000000957520230717111502 a0010-111300000000095a ||| |230717 |  a978-979-22-5014-5 a813 AJI n0 aSENO GUMIRA AJIDARMA1 aNAGABUMI 1 JURUS TANPA BENTUK acet, 1 aJakarta :bGramedia,c2009 a813 a813 AJI n a10921/PN/2013 a10922/PN/2013